000 00626nam a2200229Ia 4500
003 OSt
005 20221005045530.0
006 a|||||r|||| 00| 0
007 ta
008 221004b |||||||| |||| 00| 0 ben d
024 _a22844
037 _bGift, 13/10/2015,
_cTextual
040 _aCRL
_cCRL
_bben
041 _2ben
_aben
082 _aO157,1J35x, N6
245 0 _aGovinda dasa padavati
260 _aKolkata
_bBasumati corporation India
_c1996
300 _a151p.
_ccm.
650 _aBENGALI LITERATURE
942 _hO157,1J35x, N6
_cTEXL
_2cc
999 _c955212
_d955212